Prosa completa / (Registro nro. 11194)

Detalles MARC
000 -LIDER
fixed length control field 01017nam a22003611i 4500
001 - NÚMERO DE CONTROL
Identificador de número de control 006119
003 - IDENTIFICACDOR DE NÚMERO DE CONTROL
control field DO-SdBNP
005 - DATE AND TIME OF LATEST TRANSACTION
control field 20230926135633.0
007 - CAMPOS FIJOS DE DESCRIPCIÓN FÍSICA
fixed length control field 006119
008 - ELEMENTOS DE LONGITUD FIJA
fixed length control field 900725s1985 sp spa
017 ## - NÚMERO DE REGISTRO DE DERECHOS DE AUTOR
Copyright or legal deposit number
Assigning agency
020 ## - ISBN
International Standard Book Number 8402103227
Terms of availability
035 ## - NÚMERO LOCAL
System control number
040 ## - FUENTE DE CATALOGACIÓN
Agencia que crea de manera original el registro BPMSU
Idioma de catalogación spa
Agencia que realiza la transcripción BPMSU
080 #0 - NÚMERO DE CLASIFICACIÓN DECIMAL UNIVERSAL
Universal Decimal Classification number
082 #4 - NÚMERO DE CLASIFICACIÓN DECIMAL DE DEWEY
Classification number A864.6
Item number B732p 1985
Edition number 22
100 1# - ASIENTO PRINCIPAL -- NOMBRE PERSONAL
Nombre personal Borges, Jorge Luis,
Fechas asociadas con el nombre 1899-1986
245 10 - MENCIÓN DE TITULO
Título Prosa completa /
Mención de responsabilidad Jorge Luis Borges.
Medio (Designación general de material)
246 ## - VARIACION DEL TÍTULO
Título propiamente dicho o título corto Prosa completa :
Subtítulo 1930-1975
250 ## - MENCIÓN DE EDICION
Mención de edición
260 ## - PUBLICACIÓN, DISTRIBUCIÓN, ETC. (PIE DE IMPRENTA)
Lugar de publicación, distribución, etc Barcelona :
Nombre del editor, distribuidor, etc. Bruguera,
Fecha de publicación, distribución, etc 1985
300 ## - DESCRIPCIÓN FÍSICA
Extensión 3 v.
Dimensiones 16 cm
500 ## - NOTA GENERAL
Nota general
505 0# - NOTA DE CONTENIDO
Texto normalizado de contenido v.3 : Otras inquisiciones ; El hacedor ; Elogío de la sombra
590 ## - NOTA LOCAL
Texto de la nota local Inventariado, 2023/VM
650 #4 - ENCABEZAMIENTO DE MATERIA--TEMÁTICO
Subdivisión de forma Ensayos conferencias, etc.
Término temático o nombre geográfico como elemento de entrada Ensayos argentinos
650 #4 - ENCABEZAMIENTO DE MATERIA--TEMÁTICO
Término temático o nombre geográfico como elemento de entrada Literatura
Subdivisión de forma Ensayos conferencias, etc.
740 ## - ASIENTO SECUNDARIO DE TÍTULOS RELACIONADOS O ANALÍTICOS NO CONTROLADOS
Título analítico o relacionado no controlado Otras inquisiciones
740 ## - ASIENTO SECUNDARIO DE TÍTULOS RELACIONADOS O ANALÍTICOS NO CONTROLADOS
Título analítico o relacionado no controlado El Hacedor
740 ## - ASIENTO SECUNDARIO DE TÍTULOS RELACIONADOS O ANALÍTICOS NO CONTROLADOS
Título analítico o relacionado no controlado Elogío de la sombra
910 ## - VALIDACIÓN
Validación VMateo V. Control de calidad BPMSU
942 ## - ADDED ENTRY ELEMENTS (KOHA)
Source of classification or shelving scheme Dewey Decimal Classification
Koha item type Libros
Existencias
Withdrawn status Lost status Source of classification or shelving scheme Damaged status Not for loan Collection code Home library Current library Date acquired Source of acquisition Total Checkouts Full call number Barcode Date last seen Copy number Price effective from Koha item type
    Dewey Decimal Classification     Colección General Biblioteca Pública Metropolitana Salomé Ureña Biblioteca Pública Metropolitana Salomé Ureña 08/29/2016 FUNDI   BPMSU CG A864.6 B732p 1985 BPMSU16080239 08/29/2016 v.3 08/29/2016 Libros